书目信息 |
| 题名: |
土壤肥料学
|
|
| 作者: | 赵义涛 , 姜佰文 , 梁运江 主编 | |
| 分册: | ||
| 出版信息: | 北京 化学工业出版社 2009 |
|
| 页数: | 285页 | |
| 开本: | 26cm | |
| 丛书名: | 普通高等院校“十一五”规划教材 | |
| 单 册: | ||
| 中图分类: | S158-43 | |
| 科图分类: | ||
| 主题词: | 土壤肥力--tu rang fei li--高等学校--教材 | |
| 电子资源: | ||
| ISBN: | 978-7-122-06514-8 | |
| 000 | 01120nam 2200301 450 | |
| 001 | 012001000253 | |
| 005 | 20131105154001.0 | |
| 010 | @a978-7-122-06514-8@dCNY35.00 | |
| 099 | @aCAL 012009137842 | |
| 100 | @a20091012d2009 em y0chiy0121 ea | |
| 101 | 0 | @achi |
| 102 | @aCN@b110000 | |
| 105 | @aak a 000yy | |
| 106 | @ar | |
| 200 | 1 | @a土壤肥料学@Atu rang fei liao xue@f赵义涛, 姜佰文, 梁运江主编 |
| 210 | @a北京@c化学工业出版社@d2009 | |
| 215 | @a285页@c图@d26cm | |
| 225 | 2 | @a普通高等院校“十一五”规划教材@Apu tong gao deng yuan xiao“shi yi wu”gui hua jiao cai |
| 320 | @a有书目 (第284-285页) | |
| 330 | @a本书内容涉及土壤固相组成、土壤矿物质组成与土壤质地、土壤有机质、土壤孔性及土壤结构性和耕性、土壤胶体、土壤溶液、土壤酸碱性、土壤肥力因素、土壤形成等。 | |
| 410 | 0 | @12001@a普通高等院校“十一五”规划教材 |
| 606 | 0 | @a土壤肥力@Atu rang fei li@x高等学校@j教材 |
| 690 | @aS158-43@v4 | |
| 701 | 0 | @a赵义涛@Azhao yi tao@4主编 |
| 701 | 0 | @a姜佰文@Ajiang bai wen@4主编 |
| 701 | 0 | @a梁运江@Aliang yun jiang@4主编 |
| 801 | 0 | @aCN@b北京卓展文化@c20191020 |
| 905 | @b1195782-5@dS158-43@e103@f4 | |
| 土壤肥料学/赵义涛, 姜佰文, 梁运江主编.-北京:化学工业出版社,2009 |
| 285页:图;26cm.-(普通高等院校“十一五”规划教材) |
| ISBN 978-7-122-06514-8:CNY35.00 |
| 本书内容涉及土壤固相组成、土壤矿物质组成与土壤质地、土壤有机质、土壤孔性及土壤结构性和耕性、土壤胶体、土壤溶液、土壤酸碱性、土壤肥力因素、土壤形成等。 |
| ● |
| 相关链接 |
|
|
|
|
正题名:土壤肥料学
索取号:S158-43/103
 
预约/预借
| 序号 | 登录号 | 条形码 | 馆藏地/架位号 | 状态 | 备注 |
| 1 | 1195782 | 211957827 | 第二样本阅览室/ [索取号:S158-43/103] | 在馆 | |
| 2 | 1195783 | 211957836 | 第三借阅区/ [索取号:S158-43/103] | 在馆 | |
| 3 | 1195784 | 211957845 | 第三借阅区/ [索取号:S158-43/103] | 在馆 | |
| 4 | 1195785 | 211957854 | 第三借阅区/ [索取号:S158-43/103] | 在馆 |